| 000 | 00375nam a2200133Ia 4500 | ||
|---|---|---|---|
| 008 | 151213s9999 xx 000 0 und d | ||
| 100 | _aRichard Grill | ||
| 245 |
_aMacmillan Master Guides in memoriam by Al freed Tennyson _cRichard Grill |
||
| 260 |
_aLondon _bMac william education _c1987 |
||
| 300 | _a1887 p. | ||
| 650 | _aEnglish | ||
| 700 | _aRichard Grill | ||
| 999 |
_c1392 _d1392 |
||